000
00217 a2200097 4500
001
47630
100
_a
Churchill P
245
_a
The their choice
260
_a
London
_b
Hodder and Stoughton
_c
090
_c
30642
_d
30642
942
_a
NUST-CAE
_c
M
_c
22939
999
_c
282703
_d
282703